حماية البيئة البحرية : (رقم التسجيلة. 80329)

تفاصيل مارك
000 -الفاتح
عناصر البيانات ثابتة الطول 00813cam a2200193 i 4500
005 - تاريخ ووقت آخر معاملة
حقل ضبط 20260122115440.0
008 - عناصر البيانات ثابتة الطول
عناصر البيانات ثابتة الطول 250721s9999 ua gr 000 0 ara d
020 ## - الترقيم الدولي المعياري للكتب (ردمك)
الترقيم الدولي المعياري للكتب (ردمك) 977030462X
082 14 - رقم تصنيف ديوي العشري
رقم التصنيف 341.762
رقم المادة ج م ل
100 1# - مدخل رئيسي – اسم شخصي
الاسم الشخصي جمل، أحمد محمود
علاقة الشخص بالعمل/ دوره مؤلف.
245 10 - بيان العنوان
العنوان حماية البيئة البحرية :
بقية العنوان من التلوث في ضوء التشريعات الوطنيةوالاتفاقات الاقليمية والمعاهدات الدولية /
بيان المسؤولية المستشار أحمد محمود الجمل.
264 31 - بيانات النشر، التوزيع…إلخ
مكان النشر، التوزيع...إلخ اسكندرية :
اسم الناشر، الموزع...إلخ منشأة المعارف،
تاريخ النشر، التوزيع...إلخ [غير معرف].
300 ## - الوصف المادي
عدد الوحدات المكونة للوعاء 144 صفحة.
650 17 - مدخل إضافي بالموضوع - مصطلح موضوعي
مصطلح موضوعي أو اسم جغرافي كعنصر مدخل القانون الدولي.
650 17 - مدخل إضافي بالموضوع - مصطلح موضوعي
مصطلح موضوعي أو اسم جغرافي كعنصر مدخل حماية البيئة
650 17 - مدخل إضافي بالموضوع - مصطلح موضوعي
مصطلح موضوعي أو اسم جغرافي كعنصر مدخل البيئة البحرية.
942 ## - بيانات إضافية (كوها)
نوع التنصيف Dewey Decimal Classification
نوع المادة (كوها) كتب
المقتنيات
حالة السحب حالة الفقدان مصدر التصنيف حالة التلف غير قابل للإعارة المكتبة الرئيسية المكتبة الحالية موقع الرف تاريخ التزويد الرقم المتسلسل Total Checkouts رقم الإستدعاء الباركود تاريخ آخر ظهور تاريخ الفاتورة نوع المادة (كوها)
    Dewey Decimal Classification     المكتبة المركزية المكتبة المركزية الإعارة 28/07/2025 1629140   341.762 / ج م ل PLD00396326 28/07/2025 28/07/2025 كتب
Implemented & Customized by: BBB with SCIT (Smart Chains for Information Technology)

Powered by Koha